Eurovision song contest 2016 - Statistics

General Stats
  • This quiz has been taken 6 times
  • The average score is 20 of 37
Answer Stats
Country song artist % Correct
Ukraine 1944 Jamala
100%
Netherlands Slow Down Douwe Bob
83%
Russia You are the Only One Sergey Lazarev
83%
Greece Utopian Land Argo
67%
Australia The Sound Of Silence Dami Im
67%
Hungary Pioneer Freddie
67%
Montenegro The Real thing Highway
67%
Israel Made of Stars Hovi Star
67%
Malta Walk on Water Ira Losco
67%
Belarus Help You Fly Ivan
67%
F.Y.R Macedonia Dona Kaliopi
67%
Belgium What's the Pressure Laura Tesoro
67%
Cyprus Alter Ego Minus One
67%
Bulgaria If Love Was a Crime Poli Genova
67%
Switzerland The Last of Our Kind Rykka
67%
San Marino I Didn't Know Serhat
67%
Austria Loin D'ici Zoe
67%
Lithuania I've Been Waiting for this Night Donny Montell
50%
Iceland Here Them Calling Greta Salome
50%
Armenia LoveWave Iveta Mukuchyan
50%
Estonia Play Juri Pootsmann
50%
Latvia Heartbeat Justs
50%
Moldova Falling Stars Lidia Isac
50%
Denmark Soldiers of Love Lighthouse X
50%
Slovenia Blue and Red ManuElla
50%
Poland Color of Your Life Michal Szpak
50%
Ireland Sunlight Nicky Byrne
50%
Finland Sing it all Away Sandhja
50%
Serbia Goodbye ( Shelter) Sanja Vucic ZAA
50%
Norway Icebreaker Agnete
33%
Czech republic I Stand gabriela Guncikova
33%
united kingdom You're Not Alone Joe & Jake
33%
Georgia Midnight Gold Nika Kocharov
33%
Croatia Lighthouse Nina Kraljic
33%
Albania Fairytale Eneda Tarifa
17%
Azerbijan Miracle Samara
17%
Bosnia & Herzegovina Ljubav Je Dalal& Deen Feat. Ana Rucner and Jala
0%
No matching quizzes found
Score Distribution
Percent of People with Each Score
Percentile by Number Answered
Your Score History
You have not taken this quiz